Catálogo

Estrategia pedagógica participativa en educación para la salud / (Registro nro. 70943)

Detalles MARC
000 -LEADER
fixed length control field 01210nam a2200313 i 4500
001 - CONTROL NUMBER
control field 70943
003 - CONTROL NUMBER IDENTIFIER
control field Mx-PuUPA
005 - DATE AND TIME OF LATEST TRANSACTION
control field 20240416135604.0
008 - FIXED-LENGTH DATA ELEMENTS--GENERAL INFORMATION
fixed length control field 240416s2014 ck d|||gr|||| 00| 0 spa d
020 ## - INTERNATIONAL STANDARD BOOK NUMBER
International Standard Book Number 9789586602051
Qualifying information rústica
040 ## - CATALOGING SOURCE
Original cataloging agency Mx-PuUPA
Language of cataloging spa
Transcribing agency Mx-PuUPA
Modifying agency Mx-PuUPA
Description conventions rda
041 0# - LANGUAGE CODE
Language code of text/sound track or separate title eng
100 1# - MAIN ENTRY--PERSONAL NAME
Personal name Barragán Becerra, Julián Andrés,
9 (RLIN) 15576
Relator term autor
245 10 - TITLE STATEMENT
Title Estrategia pedagógica participativa en educación para la salud /
Statement of responsibility, etc. Julián Andrés Barragán Becerra, Myriam Mahecha Angulo, Carmen Mercedes Velandia Rodríguez
250 ## - EDITION STATEMENT
Edition statement Primera edición
264 #1 - PRODUCTION, PUBLICATION, DISTRIBUTION, MANUFACTURE, AND COPYRIGHT NOTICE
Place of production, publication, distribution, manufacture Tunja, Colombia :
Name of producer, publisher, distributor, manufacturer Editorial Uptc,
Date of production, publication, distribution, manufacture, or copyright notice 2014
300 ## - PHYSICAL DESCRIPTION
Extent 117 páginas :
Other physical details diagramas, tablas ;
Dimensions 25 cm
336 ## - CONTENT TYPE
Fuente rdacontent
Content type term texto
Content type code txt
337 ## - MEDIA TYPE
Source rdamedia
Media type term sin medio
Media type code n
338 ## - CARRIER TYPE
Source rdacarrier
Carrier type term volumen
Carrier type code nc
650 #7 - SUBJECT ADDED ENTRY--TOPICAL TERM
Source of heading or term armarc
Topical term or geographic name entry element Educación
General subdivision Enseñanza
650 #7 - SUBJECT ADDED ENTRY--TOPICAL TERM
Source of heading or term armarc
Topical term or geographic name entry element Educación sanitaria
700 1# - ADDED ENTRY--PERSONAL NAME
Personal name Mahecha Angulo, Myriam,
Relator term autor
700 1# - ADDED ENTRY--PERSONAL NAME
Personal name Velandia Rodríguez, Carmen Mercedes,
Relator term autor
942 ## - ADDED ENTRY ELEMENTS (KOHA)
Source of classification or shelving scheme Dewey Decimal Classification
Koha item type Libro
Classification part 614.07
Item part B223
Existencias
Withdrawn status Lost status Source of classification or shelving scheme Damaged status Not for loan Collection code Home library Current library Shelving location Date acquired Source of acquisition Cost, normal purchase price Total Checkouts Full call number Barcode Date last seen Date last checked out Cost, replacement price Price effective from Koha item type Total Renewals Copy number
    Dewey Decimal Classification     General Biblioteca Karol Wojtyla Biblioteca Karol Wojtyla Sala general 11/04/2024 29 463.94 1 614.07 B223 2014 104515 05/01/2026 21/02/2025 463.94 11/04/2024 Libro    
    Dewey Decimal Classification     General Biblioteca Karol Wojtyla Biblioteca Karol Wojtyla Sala general 11/04/2024 29 463.94 1 614.07 B223 2014 104516 05/01/2026 23/04/2024 463.94 11/04/2024 Libro 1 Ej.2